[Event "Sparkassen-Open A"]
[Site "Heusenstamm, Martinsee"]
[Date "2021.11.18"]
[Round "1.9"]
[White "Podat, Vladimir"]
[Black "Syed, Tareq"]
[Result "1-0"]
[WhiteElo "2311"]
[BlackElo "1974"]
[PlyCount "67"]
[EventDate "2021.??.??"]
[WhiteTeam "SC Untergrombach"]
[BlackTeam "SV Diag.Harburg"]

{[%evp 0,13,13,13,27,6,33,33,37,26,34,3,38,40,44,55]} 1. d4 {[%emt 0:00:52]}
Nf6 {[%emt 0:00:11]} 2. c4 d6 3. Nf3 Nbd7 {[%emt 0:01:27]} 4. Nc3 {[%emt 0:00:
09]} e5 5. e4 {[%emt 0:00:14]} c6 {[%emt 0:00:23]} 6. Be2 {[%emt 0:00:49]} Be7
{[%emt 0:00:04]} 7. O-O O-O {[%emt 0:00:03]} 8. Re1 {[%emt 0:07:10]} a6 {
[%emt 0:00:41]} 9. a3 {[%emt 0:02:36]} b5 {[%emt 0:05:04]} 10. Bg5 {[%emt 0:15:
04]} h6 {[%emt 0:02:59]} 11. Bh4 {[%emt 0:00:35]} Re8 12. dxe5 {[%emt 0:14:44]}
Nxe5 {[%emt 0:10:49]} 13. cxb5 {[%emt 0:09:00]} axb5 {[%emt 0:00:58]} 14. Bg3 {
[%emt 0:00:13]} Qc7 {[%emt 0:04:06]} 15. Rc1 {[%emt 0:00:59]} Qb8 {[%emt 0:01:
42]} 16. Nd4 {[%emt 0:08:38]} Bd7 {[%emt 0:10:57]} 17. Qc2 {[%emt 0:05:26]} b4
{[%emt 0:03:08]} 18. axb4 {[%emt 0:00:05]} Qxb4 {[%emt 0:00:31]} 19. Red1 Reb8
{[%emt 0:04:36]} 20. b3 {[%emt 0:00:35]} c5 {[%emt 0:01:06]} 21. Nf3 {[%emt 0:
01:15]} Qxb3 {[%emt 0:06:26]} 22. Nxe5 {[%emt 0:01:13]} Qxc2 {[%emt 0:00:03]}
23. Rxc2 {[%emt 0:00:06]} dxe5 24. Bxe5 {[%emt 0:00:10]} Rd8 {[%emt 0:02:20]}
25. f3 {[%emt 0:01:02]} Be6 {[%emt 0:00:23]} 26. Rxd8+ {[%emt 0:00:25]} Rxd8 {
[%emt 0:00:42]} 27. Nb5 {[%emt 0:00:31]} Bb3 {[%emt 0:02:03]} 28. Rc3 {[%emt 0:
01:23]} Ba4 {[%emt 0:01:49]} 29. Ra3 {[%emt 0:01:35]} Rd2 {[%emt 0:03:28]} 30.
Rxa4 {[%emt 0:01:50]} Rxe2 {[%emt 0:00:14]} 31. Ra7 {[%emt 0:02:43]} Re1+ {
[%emt 0:00:24]} 32. Kf2 {[%emt 0:00:22]} Rb1 {[%emt 0:00:05]} 33. Nc3 {[%emt 0:
01:56]} Rb2+ {[%emt 0:00:55]} 34. Ne2 {[%emt 0:00:04]} 1-0

[Event "Sparkassen-Open A"]
[Site "Heusenstamm, Martinsee"]
[Date "2021.11.18"]
[Round "1.10"]
[White "Ochs, Daniel Elias"]
[Black "Karsay, Pascal"]
[Result "0-1"]
[WhiteElo "1966"]
[BlackElo "2309"]
[PlyCount "90"]
[EventDate "2021.??.??"]
[WhiteTeam "Wiesbadener SV"]
[BlackTeam "SV Worms 1878"]

{[%evp 0,76,13,27,18,18,17,6,6,-24,1,16,13,13,13,15,23,14,0,-9,4,-21,-21,-23,
-15,-13,-5,-43,-28,-17,-4,-4,-14,-6,83,89,80,80,102,84,94,86,84,93,76,83,64,5,
31,31,23,-1,-56,-71,-116,-109,-109,-101,-120,-116,-247,-172,-241,-235,-235,
-241,-241,-254,-269,-254,-102,-298,-297,-281,-295,-304,-303,-311,-312]} 1. d4
Nf6 {[%emt 0:00:13]} 2. Nf3 {[%emt 0:00:04]} d5 {[%emt 0:00:29]} 3. c4 {
[%emt 0:00:22]} e6 {[%emt 0:00:05]} 4. g3 {[%emt 0:00:08]} Be7 {[%emt 0:00:11]}
5. Bg2 {[%emt 0:00:27]} O-O {[%emt 0:00:35]} 6. O-O c6 {[%emt 0:00:09]} 7. Qc2
{[%emt 0:02:12]} b6 {[%emt 0:00:21]} 8. Nbd2 {[%emt 0:00:05]} Bb7 {[%emt 0:00:
36]} 9. e4 {[%emt 0:00:24]} Na6 {[%emt 0:02:16]} 10. a3 {[%emt 0:05:21]} c5 {
[%emt 0:04:42]} 11. exd5 {[%emt 0:04:48]} exd5 12. Rd1 {[%emt 0:04:32]} Rc8 {
[%emt 0:05:13]} 13. dxc5 {[%emt 0:11:39]} Nxc5 {[%emt 0:00:48]} 14. b4 Ne6 {
[%emt 0:01:27]} 15. Bb2 {[%emt 0:02:17]} dxc4 {[%emt 0:16:15]} 16. Nxc4 {
[%emt 0:07:52]} Bd5 {[%emt 0:09:29]} 17. Nfe5 {[%emt 0:09:17]} b5 {[%emt 0:19:
54]} 18. Bxd5 {[%emt 0:04:43]} Nxd5 {[%emt 0:00:28]} 19. Qe4 {[%emt 0:00:36]}
Nf6 {[%emt 0:08:09]} 20. Qb7 {[%emt 0:07:03]} Qe8 {[%emt 0:06:09]} 21. Ne3 {
[%emt 0:02:15]} Rc7 {[%emt 0:02:45]} 22. Qa6 {[%emt 0:03:23]} Ng5 {[%emt 0:06:
06]} 23. Rac1 {[%emt 0:03:35]} Rxc1 {[%emt 0:02:07]} 24. Rxc1 {[%emt 0:01:58]}
Nfe4 {[%emt 0:02:10]} 25. Kg2 {[%emt 0:01:33]} Bd6 {[%emt 0:03:49]} 26. Qc6 {
[%emt 0:02:16]} Qe6 {[%emt 0:01:53]} 27. Qd7 {[%emt 0:04:52]} Bxe5 {[%emt 0:00:
04]} 28. Qxe6 {[%emt 0:00:09]} fxe6 {[%emt 0:00:05]} 29. Bxe5 {[%emt 0:00:39]}
Rxf2+ {[%emt 0:00:11]} 30. Kh1 {[%emt 0:00:03]} Nf3 {[%emt 0:03:06]} 31. Rc8+ {
[%emt 0:01:36]} Kf7 {[%emt 0:00:18]} 32. Rc7+ {[%emt 0:00:04]} Ke8 {[%emt 0:00:
26]} 33. Ng4 {[%emt 0:00:36]} Re2 {[%emt 0:01:22]} 34. Rc8+ {[%emt 0:00:45]}
Kd7 {[%emt 0:00:28]} 35. Rc7+ {[%emt 0:00:05]} Kd8 {[%emt 0:00:35]} 36. Rf7 {
[%emt 0:00:17]} Nf2+ {[%emt 0:02:17]} 37. Nxf2 {[%emt 0:00:27]} Rxf2 {[%emt 0:
00:24]} 38. g4 {[%emt 0:00:23]} Ke8 {[%emt 0:00:41]} 39. Rxg7 {[%emt 0:00:49]}
Nxe5 {[%emt 0:00:07]} 40. Rxa7 {[%emt 0:00:09]} Nf3 {[%emt 0:01:48]} 41. Rxh7 {
[%emt 0:00:15]} e5 {[%emt 0:00:29]} 42. g5 {[%emt 0:00:49]} e4 {[%emt 0:00:42]}
43. g6 Kf8 {[%emt 0:00:06]} 44. g7+ {[%emt 0:02:29]} Kg8 45. Rh3 e3 0-1

[Event "Sparkassen-Open A"]
[Site "Heusenstamm, Martinsee"]
[Date "2021.11.18"]
[Round "1.11"]
[White "Klundt, Klaus"]
[Black "Ersöz, Can"]
[Result "1/2-1/2"]
[WhiteElo "2307"]
[BlackElo "1964"]
[PlyCount "120"]
[EventDate "2021.??.??"]
[WhiteTeam "SC Heusenstamm"]
[BlackTeam "SV Würzburg"]

{[%evp 0,23,27,27,44,39,79,77,64,27,43,28,78,55,42,28,16,11,14,19,41,18,24,13,
53,50]} 1. e4 {[%emt 0:41:58]} c5 {[%emt 0:00:12]} 2. Nf3 {[%emt 0:00:07]} d6 {
[%emt 0:00:32]} 3. d4 {[%emt 0:00:07]} cxd4 4. Nxd4 Nf6 5. Nc3 {[%emt 0:00:02]}
g6 {[%emt 0:00:05]} 6. Bc4 {[%emt 0:00:33]} Bg7 {[%emt 0:00:47]} 7. h3 {
[%emt 0:00:24]} O-O {[%emt 0:01:45]} 8. Bb3 {[%emt 0:00:07]} a6 {[%emt 0:10:09]
} 9. O-O {[%emt 0:01:58]} Qc7 {[%emt 0:01:52]} 10. Bg5 {[%emt 0:03:14]} Nbd7 {
[%emt 0:04:42]} 11. Qd2 {[%emt 0:01:50]} Re8 {[%emt 0:15:57]} 12. Rad1 {
[%emt 0:02:39]} Nb6 {[%emt 0:04:33]} 13. Rfe1 Nfd7 {[%emt 0:03:44]} 14. Bh6 {
[%emt 0:15:07]} Bf6 {[%emt 0:03:28]} 15. Nde2 {[%emt 0:01:49]} Ne5 {[%emt 0:10:
58]} 16. Nf4 {[%emt 0:01:16]} e6 {[%emt 0:01:25]} 17. Nd3 {[%emt 0:03:47]} Nbc4
{[%emt 0:07:53]} 18. Qc1 {[%emt 0:03:25]} b5 {[%emt 0:02:18]} 19. f4 {[%emt 0:
03:05]} Nxd3 {[%emt 0:09:21]} 20. Rxd3 {[%emt 0:00:44]} Bb7 {[%emt 0:00:49]}
21. Bxc4 {[%emt 0:01:38]} Qxc4 {[%emt 0:01:19]} 22. Kh2 {[%emt 0:02:59]} Rad8 {
[%emt 0:03:19]} 23. a3 {[%emt 0:00:37]} a5 {[%emt 0:01:15]} 24. Qd1 {[%emt 0:
05:53]} b4 {[%emt 0:06:34]} 25. axb4 {[%emt 0:00:16]} axb4 {[%emt 0:00:27]} 26.
b3 {[%emt 0:00:06]} Qc6 {[%emt 0:01:15]} 27. Na2 {[%emt 0:00:43]} Qc5 {[%emt 0:
03:47]} 28. Qd2 {[%emt 0:01:37]} Qh5 {[%emt 0:01:24]} 29. Bg5 {[%emt 0:00:27]}
Bxg5 {[%emt 0:00:37]} 30. fxg5 {[%emt 0:00:10]} f6 {[%emt 0:02:27]} 31. Nxb4 {
[%emt 0:00:52]} Qxg5 {[%emt 0:00:38]} 32. Qxg5 {[%emt 0:01:56]} fxg5 33. Rc3 {
[%emt 0:02:49]} Rd7 {[%emt 0:00:29]} 34. Kg3 {[%emt 0:00:37]} Kf7 {[%emt 0:00:
11]} 35. e5 {[%emt 0:01:19]} d5 {[%emt 0:00:23]} 36. Rf1+ {[%emt 0:00:50]} Kg7
{[%emt 0:01:46]} 37. Rc5 {[%emt 0:01:33]} Rf8 {[%emt 0:00:34]} 38. Rxf8 {
[%emt 0:00:39]} Kxf8 {[%emt 0:00:34]} 39. Rb5 {[%emt 0:00:08]} Ke7 {[%emt 0:00:
05]} 40. Rb6 {[%emt 0:00:19]} Rc7 {[%emt 0:00:49]} 41. Kf2 {[%emt 0:00:31]} h5
{[%emt 0:01:12]} 42. g3 {[%emt 0:01:08]} d4 {[%emt 0:06:03]} 43. Rd6 {[%emt 0:
08:27]} Be4 {[%emt 0:03:24]} 44. Rxd4 {[%emt 0:00:18]} Bxc2 {[%emt 0:00:23]}
45. Rc4 {[%emt 0:00:12]} Rxc4 {[%emt 0:00:40]} 46. bxc4 Bf5 {[%emt 0:04:56]}
47. h4 {[%emt 0:00:34]} gxh4 {[%emt 0:00:58]} 48. gxh4 Kd7 {[%emt 0:01:01]} 49.
Ke3 {[%emt 0:00:10]} Kc7 {[%emt 0:01:18]} 50. Kd4 {[%emt 0:01:14]} Kb6 {
[%emt 0:01:21]} 51. Nd3 {[%emt 0:02:21]} Kc6 {[%emt 0:04:35]} 52. Nf4 {[%emt 0:
01:22]} Kb6 {[%emt 0:01:33]} 53. Ne2 {[%emt 0:00:41]} Kc6 {[%emt 0:01:13]} 54.
Ng3 {[%emt 0:04:20]} Bc2 {[%emt 0:01:33]} 55. Ne4 {[%emt 0:01:33]} Bb1 {
[%emt 0:01:21]} 56. Ng5 {[%emt 0:06:05]} Bf5 {[%emt 0:00:28]} 57. Nf7 {[%emt 0:
00:25]} Bc2 {[%emt 0:02:00]} 58. Kc3 {[%emt 0:03:58]} Bb1 {[%emt 0:00:49]} 59.
Kb4 {[%emt 0:00:37]} Bd3 {[%emt 0:01:31]} 60. Ng5 {[%emt 0:04:02]} Bf5 {
[%emt 0:07:32]} 1/2-1/2

[Event "Sparkassen-Open A"]
[Site "Heusenstamm, Martinsee"]
[Date "2021.11.18"]
[Round "1.12"]
[White "Hänselmann, Hendrik"]
[Black "Baltic, Fatih"]
[Result "0-1"]
[WhiteElo "1865"]
[BlackElo "2303"]
[PlyCount "96"]
[EventDate "2021.??.??"]
[WhiteTeam "Karlsruher SF"]
[BlackTeam "SV Mülheim-Nord"]

{[%evp 0,17,27,27,38,30,29,24,30,29,43,50,6,13,74,39,33,24,20,-6]} 1. e4 {
[%emt 0:00:12]} e6 {[%emt 0:02:36]} 2. d4 d5 3. exd5 {[%emt 0:00:46]} exd5 {
[%emt 0:00:25]} 4. Nf3 {[%emt 0:00:41]} Nc6 5. Bb5 {[%emt 0:00:04]} Bd6 {
[%emt 0:04:38]} 6. c4 {[%emt 0:01:30]} Bb4+ {[%emt 0:09:20]} 7. Bd2 {[%emt 0:
03:14]} Bxd2+ {[%emt 0:05:10]} 8. Qxd2 {[%emt 0:00:51]} Nge7 {[%emt 0:02:22]}
9. c5 {[%emt 0:05:01]} O-O {[%emt 0:02:42]} 10. O-O {[%emt 0:00:10]} Bg4 {
[%emt 0:05:32]} 11. Ne5 {[%emt 0:08:12]} Nxe5 12. dxe5 {[%emt 0:00:13]} f6 {
[%emt 0:03:46]} 13. exf6 {[%emt 0:01:10]} Rxf6 {[%emt 0:02:09]} 14. Nc3 {
[%emt 0:04:24]} c6 {[%emt 0:00:29]} 15. Be2 {[%emt 0:02:01]} Bxe2 {[%emt 0:03:
02]} 16. Nxe2 {[%emt 0:02:07]} Nf5 {[%emt 0:01:40]} 17. Nd4 {[%emt 0:01:15]}
Qf8 {[%emt 0:02:02]} 18. b4 {[%emt 0:05:10]} Nxd4 {[%emt 0:03:17]} 19. Qxd4 {
[%emt 0:00:40]} Rf4 20. Qd2 {[%emt 0:00:23]} Re8 {[%emt 0:08:22]} 21. f3 {
[%emt 0:04:10]} Qf6 {[%emt 0:00:18]} 22. Rad1 {[%emt 0:11:31]} Kf7 {[%emt 0:05:
22]} 23. a3 {[%emt 0:01:40]} Rc4 {[%emt 0:00:14]} 24. Rfe1 {[%emt 0:04:16]}
Rxe1+ {[%emt 0:00:41]} 25. Qxe1 {[%emt 0:01:43]} Qf4 {[%emt 0:17:03]} 26. h3 {
[%emt 0:06:20]} Rc2 {[%emt 0:00:16]} 27. Ra1 {[%emt 0:04:31]} Qd4+ {[%emt 0:02:
31]} 28. Kh2 {[%emt 0:01:10]} Qb2 {[%emt 0:07:20]} 29. Qg1 {[%emt 0:01:24]}
Qe5+ {[%emt 0:02:43]} 30. Kh1 {[%emt 0:00:23]} Qg3 {[%emt 0:01:16]} 31. Qh2 {
[%emt 0:01:55]} Qxh2+ {[%emt 0:00:49]} 32. Kxh2 {[%emt 0:00:41]} Kf6 {[%emt 0:
00:39]} 33. Kg3 {[%emt 0:00:23]} a5 {[%emt 0:01:43]} 34. Rb1 {[%emt 0:01:47]}
axb4 {[%emt 0:01:05]} 35. Rxb4 {[%emt 0:01:35]} Rxc5 {[%emt 0:00:34]} 36. Rxb7
Rc2 37. Rd7 {[%emt 0:00:31]} h6 {[%emt 0:01:28]} 38. a4 {[%emt 0:00:43]} g5 {
[%emt 0:00:35]} 39. Rd6+ {[%emt 0:06:46]} Ke5 {[%emt 0:00:15]} 40. Rxh6 {
[%emt 0:00:09]} d4 {[%emt 0:01:30]} 41. Rh8 {[%emt 0:00:27]} c5 {[%emt 0:09:35]
} 42. a5 {[%emt 0:04:29]} d3 {[%emt 0:03:41]} 43. a6 {[%emt 0:00:15]} Ra2 {
[%emt 0:00:33]} 44. Ra8 {[%emt 0:00:07]} d2 {[%emt 0:06:31]} 45. Re8+ {[%emt 0:
04:33]} Kf6 {[%emt 0:01:51]} 46. Rd8 {[%emt 0:00:08]} c4 {[%emt 0:00:53]} 47.
a7 {[%emt 0:00:15]} c3 {[%emt 0:00:42]} 48. Rd7 {[%emt 0:00:41]} Rxa7 {[%emt 0:
02:25]} 0-1

[Event "Sparkassen-Open A"]
[Site "Heusenstamm, Martinsee"]
[Date "2021.11.18"]
[Round "1.13"]
[White "Solonar, Stefan"]
[Black "Trumpp, Lothar"]
[Result "1-0"]
[WhiteElo "2298"]
[BlackElo "1961"]
[PlyCount "95"]
[EventDate "2021.??.??"]
[WhiteTeam "SC Heusenstamm"]
[BlackTeam "VSG Offenbach"]

{[%evp 0,37,27,-31,6,-10,-27,-27,22,26,25,22,22,24,15,20,33,33,53,54,57,54,68,
68,68,59,59,28,83,57,61,23,67,54,52,38,39,0,20,24]} 1. c4 Nf6 2. Nc3 e5 {
[%emt 0:01:11]} 3. Nf3 d6 {[%emt 0:00:33]} 4. d4 {[%emt 0:00:12]} Nbd7 {
[%emt 0:00:19]} 5. e4 {[%emt 0:00:07]} Be7 {[%emt 0:01:24]} 6. Be2 {[%emt 0:00:
22]} O-O {[%emt 0:00:22]} 7. O-O {[%emt 0:00:15]} Re8 {[%emt 0:01:14]} 8. Qc2 {
[%emt 0:00:46]} c6 {[%emt 0:02:52]} 9. Rd1 {[%emt 0:00:17]} Qc7 {[%emt 0:00:21]
} 10. Rb1 {[%emt 0:02:45]} Nf8 {[%emt 0:07:46]} 11. b4 {[%emt 0:01:17]} b6 {
[%emt 0:07:28]} 12. Bb2 {[%emt 0:03:55]} Ng6 {[%emt 0:05:14]} 13. h3 {[%emt 0:
02:20]} Bf8 {[%emt 0:03:58]} 14. Rbc1 {[%emt 0:02:31]} Bb7 15. Bf1 {[%emt 0:03:
43]} a6 {[%emt 0:03:08]} 16. d5 {[%emt 0:01:52]} c5 {[%emt 0:09:25]} 17. bxc5 {
[%emt 0:05:50]} bxc5 {[%emt 0:00:23]} 18. Na4 {[%emt 0:00:21]} Reb8 {[%emt 0:
04:03]} 19. Bc3 {[%emt 0:11:27]} Bc8 {[%emt 0:00:17]} 20. Nb2 {[%emt 0:00:36]}
Rb7 {[%emt 0:06:53]} 21. Nd2 {[%emt 0:02:01]} Bd7 {[%emt 0:04:28]} 22. g3 {
[%emt 0:08:29]} Be7 {[%emt 0:05:52]} 23. Bg2 {[%emt 0:01:25]} h5 {[%emt 0:00:
56]} 24. Nf1 {[%emt 0:10:30]} h4 {[%emt 0:01:20]} 25. Ne3 {[%emt 0:02:38]} hxg3
{[%emt 0:02:28]} 26. fxg3 {[%emt 0:00:12]} Nh5 {[%emt 0:03:07]} 27. Kh2 {
[%emt 0:03:59]} Bg5 {[%emt 0:00:23]} 28. Qe2 {[%emt 0:00:03]} Nf6 {[%emt 0:01:
08]} 29. Rc2 {[%emt 0:02:07]} Ne7 {[%emt 0:00:38]} 30. Bxe5 {[%emt 0:04:26]}
dxe5 {[%emt 0:01:06]} 31. d6 {[%emt 0:00:14]} Qd8 {[%emt 0:00:54]} 32. dxe7 {
[%emt 0:00:20]} Qxe7 {[%emt 0:00:07]} 33. Nd5 {[%emt 0:00:26]} Nxd5 {[%emt 0:
01:07]} 34. cxd5 {[%emt 0:05:05]} Bb5 {[%emt 0:00:40]} 35. Qf2 {[%emt 0:00:48]}
Rc8 {[%emt 0:01:38]} 36. h4 {[%emt 0:02:48]} Bf6 {[%emt 0:00:44]} 37. d6 {
[%emt 0:03:39]} Qd8 {[%emt 0:01:17]} 38. Rxc5 {[%emt 0:00:32]} Rcb8 {[%emt 0:
01:21]} 39. Rd2 {[%emt 0:04:21]} Bd7 {[%emt 0:03:26]} 40. Nc4 {[%emt 0:00:33]}
Rc8 {[%emt 0:03:29]} 41. Bh3 {[%emt 0:11:42]} Rxc5 {[%emt 0:07:40]} 42. Qxc5 {
[%emt 0:00:41]} g5 {[%emt 0:01:36]} 43. Bxd7 {[%emt 0:00:52]} Qxd7 {[%emt 0:01:
15]} 44. hxg5 {[%emt 0:06:37]} Bxg5 {[%emt 0:00:43]} 45. Nxe5 {[%emt 0:00:52]}
Qe6 {[%emt 0:04:53]} 46. d7 {[%emt 0:06:26]} Qh6+ {[%emt 0:03:27]} 47. Kg2 {
[%emt 0:00:11]} Bd8 {[%emt 0:06:12]} 48. Qd5 {[%emt 0:04:12]} 1-0

[Event "Sparkassen-Open A"]
[Site "Heusenstamm, Martinsee"]
[Date "2021.11.18"]
[Round "1.14"]
[White "Chassard, Cedric"]
[Black "Schulze, Lara"]
[Result "0-1"]
[WhiteElo "1954"]
[BlackElo "2294"]
[PlyCount "92"]
[EventDate "2021.??.??"]
[WhiteTeam "SC Schwarzenbach"]
[BlackTeam "SV Werder Bremen"]

{[%evp 0,18,27,27,27,18,30,30,21,-4,-10,4,3,-5,17,27,0,0,-8,22,22]} 1. e4 {
[%emt 0:00:22]} e5 2. Nf3 Nc6 3. Bb5 {[%emt 0:00:07]} a6 {[%emt 0:00:07]} 4.
Ba4 Nf6 {[%emt 0:00:10]} 5. O-O {[%emt 0:00:04]} Bc5 {[%emt 0:00:06]} 6. c3 {
[%emt 0:01:16]} b5 {[%emt 0:00:11]} 7. Bc2 {[%emt 0:05:47]} d5 {[%emt 0:00:24]}
8. d4 {[%emt 0:20:20]} dxe4 {[%emt 0:02:54]} 9. dxe5 {[%emt 0:05:02]} Qxd1 {
[%emt 0:14:52]} 10. Rxd1 {[%emt 0:03:15]} exf3 11. exf6 {[%emt 0:00:09]} gxf6 {
[%emt 0:00:59]} 12. Be4 {[%emt 0:01:02]} Bd7 {[%emt 0:01:33]} 13. b4 {[%emt 0:
06:21]} Bb6 {[%emt 0:20:42]} 14. Bxf3 {[%emt 0:04:11]} O-O-O {[%emt 0:00:38]}
15. Bf4 {[%emt 0:08:14]} Ne5 {[%emt 0:02:33]} 16. Bxe5 {[%emt 0:01:15]} fxe5
17. a4 {[%emt 0:01:26]} f5 {[%emt 0:08:02]} 18. axb5 {[%emt 0:01:48]} e4 {
[%emt 0:05:43]} 19. Bh5 {[%emt 0:04:33]} Bxb5 {[%emt 0:02:32]} 20. Na3 {
[%emt 0:02:35]} Bd3 {[%emt 0:06:55]} 21. Re1 {[%emt 0:02:09]} Rd6 {[%emt 0:03:
04]} 22. Be2 {[%emt 0:01:58]} Bxe2 {[%emt 0:06:40]} 23. Rxe2 {[%emt 0:00:11]}
Rhd8 {[%emt 0:00:33]} 24. Nc4 {[%emt 0:01:42]} Rd3 {[%emt 0:01:15]} 25. Nxb6+ {
[%emt 0:01:45]} cxb6 {[%emt 0:00:08]} 26. g3 {[%emt 0:00:10]} Kb7 {[%emt 0:01:
09]} 27. Rc2 {[%emt 0:06:37]} Rd1+ {[%emt 0:04:10]} 28. Rxd1 {[%emt 0:00:12]}
Rxd1+ 29. Kg2 Kc6 {[%emt 0:00:21]} 30. h4 {[%emt 0:07:28]} Kb5 {[%emt 0:02:33]}
31. h5 {[%emt 0:00:16]} Rd3 {[%emt 0:03:36]} 32. Rc1 {[%emt 0:02:25]} Rd2 {
[%emt 0:02:48]} 33. Ra1 {[%emt 0:02:08]} e3 {[%emt 0:02:33]} 34. Re1 {[%emt 0:
01:28]} e2 {[%emt 0:02:13]} 35. Kf3 {[%emt 0:01:02]} Rd3+ {[%emt 0:02:31]} 36.
Kf4 {[%emt 0:00:46]} Rxc3 {[%emt 0:00:29]} 37. Kxf5 {[%emt 0:00:22]} Rf3+ {
[%emt 0:00:32]} 38. Kg5 {[%emt 0:00:09]} Rxf2 {[%emt 0:00:04]} 39. Kh6 {
[%emt 0:00:07]} Kc4 {[%emt 0:00:18]} 40. Kxh7 {[%emt 0:02:05]} Kd3 {[%emt 0:00:
29]} 41. h6 {[%emt 0:00:31]} Rf1 {[%emt 0:02:26]} 42. Rxe2 {[%emt 0:00:39]}
Kxe2 43. g4 Rg1 {[%emt 0:00:21]} 44. b5 {[%emt 0:00:37]} axb5 {[%emt 0:00:22]}
45. Kh8 {[%emt 0:00:09]} Rxg4 {[%emt 0:00:04]} 46. h7 Rh4 {[%emt 0:00:18]} 0-1

[Event "Sparkassen-Open A"]
[Site "Heusenstamm, Martinsee"]
[Date "2021.11.18"]
[Round "1.15"]
[White "Cofmann, Veaceslav"]
[Black "Stork, Christopher"]
[Result "0-1"]
[WhiteElo "2288"]
[BlackElo "1959"]
[PlyCount "108"]
[EventDate "2021.??.??"]
[WhiteTeam "SC Eppingen"]
[BlackTeam "SV Oberursel"]

{[%evp 0,26,27,17,17,6,15,37,36,41,40,43,52,47,47,47,50,57,60,60,71,70,89,54,
79,79,85,72,78]} 1. d4 {[%emt 0:00:19]} Nf6 {[%emt 0:00:06]} 2. c4 {[%emt 0:00:
18]} c5 {[%emt 0:00:33]} 3. d5 g6 {[%emt 0:00:36]} 4. Nc3 {[%emt 0:00:04]} Bg7
{[%emt 0:00:20]} 5. e4 O-O {[%emt 0:00:15]} 6. Bd3 {[%emt 0:00:55]} d6 {
[%emt 0:01:20]} 7. h3 {[%emt 0:00:11]} Na6 {[%emt 0:01:25]} 8. a3 {[%emt 0:00:
57]} Nc7 {[%emt 0:01:04]} 9. Nf3 {[%emt 0:00:37]} e6 {[%emt 0:01:33]} 10. Be3 {
[%emt 0:01:35]} Rb8 {[%emt 0:02:51]} 11. e5 {[%emt 0:00:44]} dxe5 {[%emt 0:05:
11]} 12. Bxc5 {[%emt 0:00:10]} Re8 {[%emt 0:01:39]} 13. d6 {[%emt 0:00:48]} Na6
{[%emt 0:00:20]} 14. Bxa7 {[%emt 0:00:25]} Ra8 {[%emt 0:03:57]} 15. Be3 {
[%emt 0:00:24]} Qxd6 {[%emt 0:04:24]} 16. Be2 {[%emt 0:00:15]} Qxd1+ {[%emt 0:
03:47]} 17. Rxd1 {[%emt 0:00:13]} e4 {[%emt 0:01:16]} 18. Ne5 {[%emt 0:03:26]}
Nd5 19. cxd5 {[%emt 0:00:24]} Bxe5 {[%emt 0:00:13]} 20. d6 {[%emt 0:00:24]}
Bxc3+ {[%emt 0:01:07]} 21. bxc3 {[%emt 0:00:03]} Bd7 {[%emt 0:00:08]} 22. O-O {
[%emt 0:06:36]} Nb8 {[%emt 0:09:13]} 23. Rb1 {[%emt 0:00:40]} Bc6 {[%emt 0:00:
45]} 24. Rb3 {[%emt 0:03:45]} Rd8 {[%emt 0:04:52]} 25. Bf4 {[%emt 0:00:54]} Nd7
{[%emt 0:02:03]} 26. c4 {[%emt 0:01:54]} Nc5 {[%emt 0:03:09]} 27. Rc3 {[%emt 0:
02:27]} f6 {[%emt 0:03:14]} 28. Rd1 {[%emt 0:00:28]} Kf7 {[%emt 0:00:24]} 29.
Be3 {[%emt 0:03:42]} Ra5 {[%emt 0:01:44]} 30. Rcc1 {[%emt 0:00:45]} e5 {
[%emt 0:01:51]} 31. Rb1 {[%emt 0:05:15]} Rd7 {[%emt 0:03:29]} 32. Bd2 {[%emt 0:
00:14]} Rxa3 {[%emt 0:06:57]} 33. Bb4 {[%emt 0:00:25]} Ra2 {[%emt 0:00:41]} 34.
Bf1 {[%emt 0:01:35]} Nd3 {[%emt 0:01:24]} 35. Bxd3 {[%emt 0:00:23]} exd3 {
[%emt 0:00:39]} 36. Ra1 {[%emt 0:01:13]} Rc2 {[%emt 0:01:09]} 37. Rxd3 {
[%emt 0:00:47]} Rxc4 {[%emt 0:00:11]} 38. Rb3 {[%emt 0:00:55]} Ke6 {[%emt 0:00:
58]} 39. Ra8 {[%emt 0:00:38]} Rc1+ {[%emt 0:00:57]} 40. Kh2 {[%emt 0:00:10]} h5
{[%emt 0:02:28]} 41. Re8+ {[%emt 0:02:47]} Kf5 {[%emt 0:01:47]} 42. f3 {
[%emt 0:01:41]} h4 {[%emt 0:00:28]} 43. Rh8 {[%emt 0:00:09]} g5 {[%emt 0:00:34]
} 44. Rc8 {[%emt 0:01:33]} b5 {[%emt 0:08:27]} 45. Ra3 {[%emt 0:02:26]} Rc4 {
[%emt 0:05:00]} 46. Rb3 {[%emt 0:01:22]} Rc1 {[%emt 0:10:19]} 47. Ra3 {[%emt 0:
03:15]} Rc4 {[%emt 0:01:34]} 48. Rb3 {[%emt 0:00:10]} Ra7 {[%emt 0:08:52]} 49.
Rc7 {[%emt 0:01:08]} Ra1 {[%emt 0:01:34]} 50. Rd3 {[%emt 0:02:36]} Rxb4 {
[%emt 0:01:41]} 51. Rxc6 {[%emt 0:00:12]} Rbb1 {[%emt 0:00:22]} 52. g4+ {
[%emt 0:00:20]} hxg3+ {[%emt 0:00:54]} 53. Kxg3 {[%emt 0:00:16]} Rb2 {[%emt 0:
00:24]} 54. h4 {[%emt 0:01:57]} Rg1+ {[%emt 0:00:33]} 0-1